| 000 | 00690nam a2200217 i 4500 | ||
|---|---|---|---|
| 001 | 57657 | ||
| 003 | ES-MaACL | ||
| 005 | 20230906163622.0 | ||
| 007 | t| | ||
| 008 | 031017s1953 sp ||||1| spa d | ||
| 100 | 1 |
_aDoyle, Leo. _945553 |
|
| 245 | 1 | 0 |
_aManual de obstetricia y ginecología / _cLeo Doyle ; versión española, prólogo y notas de Carlos Lorca. |
| 250 | _a1ª ed. | ||
| 260 |
_aMadrid : _bMorata, _c1953 ( _fCastilla) |
||
| 300 |
_aVI, 527 p. : _bil. ; _c18 cm. |
||
| 490 | 1 | _aColección Ciencias Biológicas | |
| 700 | 1 |
_aLorca, Carlos. _974071 |
|
| 830 | 0 |
_aColección Ciencias Biológicas _9230440 |
|
| 852 |
_aES-MaACL _jD-9248 _bR.34104 |
||
| 999 |
_c57657 _d57657 |
||